1762 1160 1167 1431 1814 1374 1949 1870 1397 1756 1665 1849 1576 1126 1868 1074 1244 1601 1806 1420 1702 1652 1854 1887 1578 1373 1695 1697 1181 1106 1645 1680 1415 1300 1313 1840 1514 1664 1012 1618 1192 1833 1211 1157 1353 1443 1444 1887 1403 1078 1906 1731 1409 1787 1945 1010 1395 1023 1373 1000 1444 1724 1567 1747 1797 1686 1744 1122 1812 1574 1314 1893 1428 1316 1098 1526 1760 1430 1861 1296 1001 1361 1400 1898 1393 1967 1055 1416 1777 1284 1048 1417 1060 1134 1022 1579 1414 1770 1423 BCNSPRNW ULIB Ver.6.0+V

เปลี่ยนเป็นภาษาไทย

Change to English
 แสดงรายละเอียดบรรณานุกรม
  กลับหน้าหลัก

Brief Record : Get Marc (ISO 2709) : E-mail record : QR code < ปิดหน้าต่าง
LEADER : 00000nam 2200000uu 4500
001    13399112244
003     ULIB
008    110627s2536||||th 000 0 tha d
020    97484650
060  4 W84.6^bป574ก 2536
100 0  ปัญญาวัฒน์ สันติเวส
245 00 การแก้ป้ญหาสาธารณสุขโดยชุมชนเพื่อสนันสนุนการสาธารณสุขมูลฐานในระดับอำเภอ อำเภอโกรกพระ จังหวัดนครสวรรค์/^cปัญญาวัฒน์ สันติเวส
260    นครสวรรค์ :^bศูนย์ฝึกอบรมและพัฒนาการสาธารณสุขมูลฐาน,^c2536
300    132 หน้า
650  7 ศูนย์ฝึกอบรมและพัฒนาการสาธารณสุขมูลฐาน
650  7 การแก้ป้ญหาสาธารณสุขโดยชุมชนเพื่อสนันสนุนการสาธารณ
945    ^p0^l0^i008812
995    ทศพร
999 ^a ใช้งานได้ทุกระบบ
รายการนี้ยังไม่มีแท็ก
คุณยังไม่ได้ล็อกอิน คุณสามารถมีกิจกรรมร่วมกับเว็บไซต์ได้ แต่ต้องล็อกอินก่อน ::
  ล็อกอิน

รายการสื่อสารสนเทศ

ลำดับที่ ประเภท เลขเรียก/บาร์โค้ด สถานที่ สถานะ
- ไม่พบข้อมูล -

BibComment


ยังไม่เคยถูกคอมเมนท์

คอมเมนท์ทรัพยากรรายการนี้
  คอมเมนท์: การแก้ป้ญหาสาธารณ..


 Copyright 2026. Bcnsprnw @Library